| Tag |
First Indicator |
Second Indicator |
Subfields |
| LEADER |
00000cam a2200000 i 4500 |
| 001 |
in00003917607 |
| 005 |
20210410063339.0 |
| 008 |
170705s2018 nyu b 001 0 eng |
| 010 |
|
|
|a 2017031812
|
| 035 |
|
|
|a (OCoLC)ocn993134446
|
| 040 |
|
|
|a DLC
|e rda
|c DLC
|
| 020 |
|
|
|a 1501316826
|q (pbk.)
|
| 020 |
|
|
|a 9781501316821
|q (pbk.)
|
| 050 |
0 |
0 |
|a NK1520
|b .K67 2018
|
| 082 |
0 |
0 |
|a 745.401/9
|2 23
|
| 049 |
|
|
|a TXAM
|
| 100 |
1 |
|
|a Kopec, Dak
|e author.
|
| 245 |
1 |
0 |
|a Environmental psychology for design /
|c Dak Kopec, Radford University.
|
| 250 |
|
|
|a 3rd edition.
|
| 264 |
|
1 |
|a New York :
|b Fairchild Books, an imprint of Bloomsbury Publishing Inc,
|c 2018.
|
| 300 |
|
|
|a xvii, 315 pages :
|b illustrations ;
|c 26 cm.
|
| 336 |
|
|
|a text
|b txt
|2 rdacontent
|
| 337 |
|
|
|a unmediated
|b n
|2 rdamedia
|
| 338 |
|
|
|a volume
|b nc
|2 rdacarrier
|
| 504 |
|
|
|a Includes bibliographical references (pages 267-307) and index.
|
| 650 |
|
0 |
|a Design
|x Psychological aspects.
|
| 650 |
|
0 |
|a Environmental psychology.
|
| 945 |
|
|
|b 489139
|
| 947 |
|
|
|a A14850294134
|
| 948 |
|
|
|a cataloged
|b h
|c 2018/3/23
|d c
|e dmitchel
|f 9:50:30 am
|
| 994 |
|
|
|a 92
|b TXA
|
| 999 |
f |
f |
|s 53cd7644-aef5-38ab-9755-0a24996d277b
|i 70a71f5c-4376-3873-8525-c739fb498526
|t 0
|
| 952 |
f |
f |
|p normal
|a Texas A&M University
|b College Station
|c Sterling C. Evans Library
|d Evans: Library Stacks
|t 0
|e NK1520 .K67 2018
|h Library of Congress classification
|i unmediated -- volume
|m A14850294134
|
| 998 |
f |
f |
|a NK1520 .K67 2018
|t 0
|l Evans: Library Stacks
|